000 00431nam a2200133Ia 4500
005 20260326235450.0
008 260326s9999||||xx |||||||||||||| ||und||
100 _aOleas Serrano, Diego
245 0 _aVI Foro Internacional de Arquitectura :
_b Seis Arquitectos Españoles contempóraneos /
_cDiego Oleas Serrano
260 _bUniversidad San Francisco de Quito
300 _a195 p.
650 _aARQUITECTURA RESIDENCIAL
942 _cBK
999 _c7731
_d7731